Алгоритмы и модели интеллектуального анализа изображений на основе дескрипторов локальных особенностей: автореферат диссертации на соискание ученой степени кандидата технических наук; спец. 05.13.17

গ্রন্থ-পঞ্জীর বিবরন
প্রধান লেখক: Казаков М. Г. Михаил Георгиевич
সংস্থা লেখক: Алтайский государственный технический университет им. И. И. Ползунова (АлтГТУ) Кафедра прикладной математики
অন্যান্য লেখক: Крючкова Е. Н. Елена Николаевна (научный руководитель)
সংক্ষিপ্ত:Защита сост. 18.02.2016 г.
ভাষা:রুশ
প্রকাশিত: Новосибирск, [Б. и.], 2015
বিষয়গুলি:
বিন্যাস: গ্রন্থ
KOHA link:https://koha.lib.tpu.ru/cgi-bin/koha/opac-detail.pl?biblionumber=317210

MARC

LEADER 00000nam0a2200000 4500
001 317210
005 20231102002942.0
035 |a (RuTPU)RU\TPU\book\342678 
090 |a 317210 
100 |a 20160406d2015 k y0rusy50 ca 
101 0 |a rus 
102 |a RU 
105 |a a dm 001zy 
200 1 |a Алгоритмы и модели интеллектуального анализа изображений на основе дескрипторов локальных особенностей  |e автореферат диссертации на соискание ученой степени кандидата технических наук  |e спец. 05.13.17  |f М. Г. Казаков  |g Алтайский государственный технический университет им. И. И. Ползунова (АлтГТУ), Кафедра прикладной математики ; науч. рук. Е. Н. Крючкова 
210 |a Новосибирск  |c [Б. и.]  |d 2015 
215 |a 19 с.  |c ил. 
300 |a Защита сост. 18.02.2016 г. 
320 |a Библиогр.: с. 18-19 (12 назв.). 
606 1 |a Изображения  |x Анализ  |2 stltpush  |3 (RuTPU)RU\TPU\subj\74006  |9 86622 
610 1 |a компьютерное зрение 
610 1 |a обучающие выборки 
610 1 |a получение 
610 1 |a обработка 
610 1 |a классификация 
610 1 |a взаимосвязи 
610 1 |a использование 
610 1 |a дескрипторы 
610 1 |a авторефераты диссертаций 
675 |a 004.932  |v 4 
686 |a 05.13.17  |2 oksvnk 
700 1 |a Казаков  |b М. Г.  |g Михаил Георгиевич 
702 1 |a Крючкова  |b Е. Н.  |g Елена Николаевна  |4 727 
712 0 2 |a Алтайский государственный технический университет им. И. И. Ползунова (АлтГТУ)  |b Кафедра прикладной математики  |c (Барнаул)  |c (1992- )  |2 stltpush  |3 (RuTPU)RU\TPU\col\436 
801 1 |a RU  |b 63413507  |c 20160406 
801 2 |a RU  |b 63413507  |c 20160418  |g RCR 
942 |c BK